Football Teams Andy Cole Played For - Statistics

General Stats
  • This quiz has been taken 59 times
  • The average score is 6 of 13
Answer Stats
League Years Team % Correct
England 1995-2002 Manchester United
96%
England 1993-1995 Newcastle United
77%
England 2005-2006 Manchester City
58%
England 1989-1991 Arsenal FC
54%
England 2002-2004 Blackburn Rovers
44%
England 2007-2008 Sunderland AFC
44%
England 1991 Fulham FC
35%
England 2004-2005 Fulham FC
35%
England 2007 Birmingham City
31%
England 2008 Nottingham Forest
31%
England 2006-2007 Portsmouth FC
23%
England 2008 Burnley FC
19%
England 1992-1993 Bristol City
17%
No matching quizzes found
Score Distribution
Percent of People with Each Score
Percentile by Number Answered
Your Score History
You have not taken this quiz